Metódy stanovenia cien

Cenová prirážka. Príklad cenovej verzus nákladovej prirážky. Optimálna cenová a nákladová prirážka. Príklad optimálnej prirážky.

Na minha lista:
Detalhes bibliográficos
Autor principal: Frandoferová, Darina
Outros Autores: Dolinajcová, Miroslava
Formato: Capítulo de Livro
Idioma:eslovaco
Assuntos:
Tags: Adicionar Tag
Sem tags, seja o primeiro a adicionar uma tag!

MARC

LEADER 00000nla$a2200000$$$4500
001 0145503
005 20240502072624.1
041 0 |a slo 
044 |a SK 
245 1 0 |a Metódy stanovenia cien  |c Darina Frandoferová, Miroslava Dolinajcová 
520 |a Cenová prirážka. Príklad cenovej verzus nákladovej prirážky. Optimálna cenová a nákladová prirážka. Príklad optimálnej prirážky. 
610 2 0 |a ceny 
610 2 0 |a tvorba cien 
610 2 0 |a prirážky cenové 
610 2 0 |a náklady 
100 1 |a Frandoferová, Darina 
700 1 |a Dolinajcová, Miroslava